| 000 | 00470nam a2200181Ia 4500 | ||
|---|---|---|---|
| 005 | 20250603145215.0 | ||
| 008 | 250603s9999 xx 000 0 und d | ||
| 020 | _a9789789723317 | ||
| 050 | _aHJ 9733 .A33/ | ||
| 100 | _aAdams, Rasheed Alimi | ||
| 245 | 0 | _aIPSAS: International public sector accounting standards made simple | |
| 260 | _aLagos | ||
| 260 | _bCorporate Publishers Ventures | ||
| 260 | _c2019 | ||
| 300 | _a505 p | ||
| 650 | _aLagos | ||
| 942 | _cBK | ||
| 999 |
_c41187 _d41187 |
||